|
|
|
|
| LEADER |
00000nam0a2200000 4500 |
| 001 |
28672 |
| 005 |
20231030202930.0 |
| 010 |
|
|
|a 5339007189
|
| 035 |
|
|
|a (RuTPU)RU\TPU\book\28929
|
| 035 |
|
|
|a BOOK00000654
|
| 090 |
|
|
|a 28672
|
| 100 |
|
|
|a 20011209d1992 km y0rusy50 ca
|
| 101 |
0 |
|
|a rus
|
| 102 |
|
|
|a BY
|
| 105 |
|
|
|a а g 000zy
|
| 200 |
1 |
|
|a Графическое программирование на языке Паскаль
|e справочное пособие
|f А. Н. Вальвачев
|
| 210 |
|
|
|a Минск
|c Вышэйшая школа
|d 1992
|
| 215 |
|
|
|a 143 с.
|c ил.
|
| 610 |
1 |
|
|a программирование
|
| 610 |
1 |
|
|a языки программирования
|
| 610 |
1 |
|
|a графическое программирование
|
| 610 |
1 |
|
|a Паскаль
|
| 610 |
1 |
|
|a справочники
|
| 675 |
|
|
|a 681.3.06(035)
|v 3
|
| 700 |
|
1 |
|a Вальвачев
|b А. Н.
|g Александр Николаевич
|
| 801 |
|
0 |
|a BY
|b 63413507
|c 20011209
|g PSBO
|
| 801 |
|
2 |
|a RU
|b 63413507
|c 20170309
|g PSBO
|
| 900 |
|
|
|a справочники
|
| 942 |
|
|
|c BK
|